Central Library OPAC University of Rajshahi

Practical problems in soil mechanics and foundation engineering / (Record no. 13230)

MARC details
000 -LEADER
fixed length control field 01565cam a2200373 a 4500
001 - CONTROL NUMBER
control field 13230
003 - CONTROL NUMBER IDENTIFIER
rucl marc code BD-RjUL
005 - DATE AND TIME OF LATEST TRANSACTION
control field 20211208235425.0
008 - FIXED-LENGTH DATA ELEMENTS--GENERAL INFORMATION
fixed length control field 140130s1984 ne a b 001 0 eng d
020 ## - INTERNATIONAL STANDARD BOOK NUMBER
International Standard Book Number 0444421092 (U.S. : set)
International Standard Book Number 0444421084 (U.S. : v. 1) :
Canceled/invalid ISBN 0444421338 (U.S. : v. 2)
035 ## - SYSTEM CONTROL NUMBER
System control number (BD-RjUL)13281
040 ## - CATALOGING SOURCE
Original cataloging agency DL-C
Transcribing agency DL-C
Modifying agency (BD-RjUL)
Language of cataloging eng
041 1# - LANGUAGE CODE
Language code of text/sound track or separate title engfre
082 00 - DEWEY DECIMAL CLASSIFICATION NUMBER
Classification number 624.15136
Edition number 19
Author mark and year SAP 1984
100 1# - MAIN ENTRY--PERSONAL NAME
Personal name Sanglerat, Guy,
Dates associated with a name 1924-
9 (RLIN) 41196
245 10 - TITLE STATEMENT
Title Practical problems in soil mechanics and foundation engineering /
Statement of responsibility, etc. Guy Sanglerat, Gilbert Olivari, Bernard Cambou ; translated by G. Gendarme.
260 ## - PUBLICATION, DISTRIBUTION, ETC. (IMPRINT)
Place of publication, distribution, etc. New York :
Name of publisher, distributor, etc. Distributors for the U.S. and Canada, Elsevier Science,
Date of publication, distribution, etc. c1984
300 ## - PHYSICAL DESCRIPTION
Pagination v. :
Illustrations ill. ;
Size 25 cm.
490 1# - SERIES STATEMENT
Series statement Developments in geotechnical engineering ;
Volume/sequential designation 34A-34B
500 ## - GENERAL NOTE
General note Translation of: Problèmes practiques de mécanique des sols et de fondations.
504 ## - BIBLIOGRAPHY, ETC. NOTE
Bibliography, etc Includes bibliographies and indexes.
505 0# - FORMATTED CONTENTS NOTE
Formatted contents note vol.1. Physical characteristics of soils, plasticity, settlement calculations, interpretation of in-situ tests -- v. 2. Wall and foundation calculations, slope stability --
650 #0 - SUBJECT ADDED ENTRY--TOPICAL TERM
Topical term or geographic name as entry element Soil mechanics.
9 (RLIN) 41197
Topical term or geographic name as entry element Foundations.
9 (RLIN) 41198
700 1# - ADDED ENTRY--PERSONAL NAME
Personal name Olivari, Gilbert.
Personal name Cambou, Bernard.
830 #0 - SERIES ADDED ENTRY--UNIFORM TITLE
Volume number/sequential designation 34.
Uniform title Developments in geotechnical engineering ;
942 ## - ADDED ENTRY ELEMENTS (KOHA)
Source of classification or shelving scheme Dewey Decimal Classification
Koha item type Books
Holdings
Lost status Source of classification or shelving scheme Damaged status Not for loan Collection code Permanent Location Current Location Shelving location Date acquired Source of acquisition Cost, normal purchase price Total Checkouts Full call number Date last seen Copy number Koha item type
  Dewey Decimal Classification     Non-fiction Central Library, University of Rajshahi Central Library, University of Rajshahi   05/02/1990 Abacus London. 59.39   624.15136 SAP V-1 1984 30/01/2014 C-2 Books
  Dewey Decimal Classification   Not For Loan Non-fiction Central Library, University of Rajshahi Central Library, University of Rajshahi Reading Room 05/02/1990 Abacus London. 52.49   624.15136 SAP V-1 1985 30/01/2014 C-1 Books
  Dewey Decimal Classification     Non-fiction Central Library, University of Rajshahi Central Library, University of Rajshahi   05/02/1990 Abacus London. 52.49   624.15136 SAP V-2 1985 29/10/2016 C-2 Books
  Dewey Decimal Classification     Non-fiction Central Library, University of Rajshahi Central Library, University of Rajshahi   05/02/1990 Abacus London. 59.39   624.15136 SAP V-1 1984 23/03/2017 C-3 Books